Allgemeine Enzyklopädie für Kaufleute, Fabrikanten und Gewerbtreibende oder vollständiges Wörterbuch über das Gesammtgebiet des Handels und der Industrie

Saved in:
Bibliographic Details
Format: Book
Language:German
Published: Leipzig Otto Wigand 1859
Tags: Add Tag
No Tags, Be the first to tag this record!

MARC

LEADER 00000nam a2200000 4500
001 0307331
005 20250226132958.5
041 0 |a ger 
044 |a DE 
245 1 0 |a Allgemeine Enzyklopädie für Kaufleute, Fabrikanten und Gewerbtreibende oder vollständiges Wörterbuch über das Gesammtgebiet des Handels und der Industrie  |c Carl Noback 
264 1 |a Leipzig  |b Otto Wigand  |c 1859